Zákon o miestnom poplatku za rozvoj
Narastajúca výstavba najmä vo väčších mestách vyvolala potreby budovania ďalšej infraštruktúry, čo predstavuje tlak na výdavky v rozpočtoch jednotlivých samospráv. Zákon o miestnom poplatku za rozvoj bol prijatý z dôvodu verejného záujmu, aby daná oblasť dostala aspoň rámcovú právnu úpravu, ktorá us...
Salvato in:
| Autore principale: | |
|---|---|
| Natura: | Capitolo di libro |
| Lingua: | slovacco |
| Soggetti: | |
| Tags: |
Nessun Tag, puoi essere il primo ad aggiungerne!!
|
MARC
| LEADER | 00000naa a2200000 4500 | ||
|---|---|---|---|
| 001 | 0300065 | ||
| 005 | 20240626114009.6 | ||
| 041 | 0 | |a slo | |
| 044 | |a SK | ||
| 245 | 1 | 0 | |a Zákon o miestnom poplatku za rozvoj |c Daniela Ivanáková |
| 520 | |a Narastajúca výstavba najmä vo väčších mestách vyvolala potreby budovania ďalšej infraštruktúry, čo predstavuje tlak na výdavky v rozpočtoch jednotlivých samospráv. Zákon o miestnom poplatku za rozvoj bol prijatý z dôvodu verejného záujmu, aby daná oblasť dostala aspoň rámcovú právnu úpravu, ktorá ustanovila základné pravidlá pre zavedenie finančného nástroja pre samosprávu, jeho správy, vyberania a platenia. Cieľom zákona bolo ustanovenie do samosprávnej pôsobnosti obcí finančný nástroj, ktorý si každá obec zavedie na základe dobrovoľnosti vlastným všeobecne záväzným nariadením, ktorý má príjmovú funkciu, rozvojovú funkciu a protikorupčnú funkciu. | ||
| 610 | 2 | 0 | |a poplatky miestne |
| 610 | 2 | 0 | |a zákony |
| 610 | 2 | 0 | |a obce |
| 610 | 2 | 0 | |a rozpočty |
| 610 | 2 | 0 | |a správa verejná |
| 610 | 2 | 0 | |a úpravy právne |
| 100 | 1 | |a Ivanáková, Daniela | |